Delia González de Reufels, Siedler und Filibuster in Sonora. Eine mexikanische Region im Interesse ausländischer Abenteuer und Mächte (1821-1860) (Colons et flibustiers en Sonora. Une région mexicaine convoitée par les aventuriers étrangers et les grandes puissances, 1821-1860). Cologne, Weimar, Böhlau, 2003, 293 p. (notice n° 1623539)
[ vue normale ]
| 000 -LEADER | |
|---|---|
| fixed length control field | 00755cam a2200145 4500500 |
| 005 - DATE AND TIME OF LATEST TRANSACTION | |
| control field | 20260111092417.0 |
| 041 ## - LANGUAGE CODE | |
| Language code of text/sound track or separate title | fre |
| 042 ## - AUTHENTICATION CODE | |
| Authentication code | dc |
| 100 10 - MAIN ENTRY--PERSONAL NAME | |
| Personal name | Cramaussel, Chantal |
| Relator term | author |
| 245 00 - TITLE STATEMENT | |
| Title | Delia González de Reufels, Siedler und Filibuster in Sonora. Eine mexikanische Region im Interesse ausländischer Abenteuer und Mächte (1821-1860) (Colons et flibustiers en Sonora. Une région mexicaine convoitée par les aventuriers étrangers et les grandes puissances, 1821-1860). Cologne, Weimar, Böhlau, 2003, 293 p. |
| 260 ## - PUBLICATION, DISTRIBUTION, ETC. | |
| Date of publication, distribution, etc. | 2005.<br/> |
| 500 ## - GENERAL NOTE | |
| General note | 4 |
| 786 0# - DATA SOURCE ENTRY | |
| Note | Études rurales | 175-176 | 3 | 2005-12-01 | p. 215h-65535h | 0014-2182 |
| 856 41 - ELECTRONIC LOCATION AND ACCESS | |
| Uniform Resource Identifier | <a href="https://shs.cairn.info/revue-etudes-rurales-2005-3-page-215h?lang=fr&redirect-ssocas=7080">https://shs.cairn.info/revue-etudes-rurales-2005-3-page-215h?lang=fr&redirect-ssocas=7080</a> |
Pas d'exemplaire disponible.




Réseaux sociaux